LEADER 01948oam 2200481I 450 001 9910707261703321 005 20160610141856.0 035 $a(CKB)5470000002462890 035 $a(OCoLC)891382699 035 $a(EXLCZ)995470000002462890 100 $a20140926d1967 ua 0 101 0 $aeng 135 $aurmn||||||||| 181 $ctxt$2rdacontent 182 $cc$2rdamedia 183 $acr$2rdacarrier 200 10$aMineral resources of the Ventana primitive area, Monterey County, California $ean evaluation of the mineral potential of the area /$fby Robert C. Pearson and Philip T. Hayes, and Paul V. Filo 210 1$a[Washington, D.C.] :$cUnited States Department of the Interior, Geological Survey,$d1967. 210 2$aWashington :$cUnited States Government Printing Office. 215 $a1 online resource (vi, 42 pages, 2 pages of plates) $cillustrations, color maps 225 1 $aGeological Survey bulletin ;$v1261-B 225 1 $aStudies related to wilderness-primitive areas 300 $aTitle from title screen (viewed September 15, 2014). 320 $aIncludes bibliographical references (page 42). 517 $aMineral resources of the Ventana primitive area, Monterey County, California 606 $aGeology$zCalifornia$zMonterey County 606 $aMines and mineral resources$zCalifornia$zMonterey County 606 $aWilderness areas$zCalifornia$zMonterey County 615 0$aGeology 615 0$aMines and mineral resources 615 0$aWilderness areas 700 $aPearson$b Robert Carl$f1926-$01393158 702 $aFillo$b Paul V. 702 $aHayes$b Philip T$g(Philip Thayer),$f1923- 712 02$aGeological Survey (U.S.), 801 0$bCOP 801 1$bCOP 801 2$bOCLCO 801 2$bGPO 906 $aBOOK 912 $a9910707261703321 996 $aMineral resources of the Ventana primitive area, Monterey County, California$93467635 997 $aUNINA LEADER 05638nam 2201129 a 450 001 9910790287803321 005 20200520144314.0 010 $a1-280-49204-X 010 $a9786613587275 010 $a0-520-92645-5 024 7 $a10.1525/9780520926455 035 $a(CKB)2670000000178635 035 $a(EBL)893088 035 $a(OCoLC)792684608 035 $a(SSID)ssj0000559418 035 $a(PQKBManifestationID)11383307 035 $a(PQKBTitleCode)TC0000559418 035 $a(PQKBWorkID)10566671 035 $a(PQKB)11580986 035 $a(MiAaPQ)EBC893088 035 $a(OCoLC)733997180 035 $a(MdBmJHUP)muse30810 035 $a(DE-B1597)520523 035 $a(OCoLC)1109191028 035 $a(DE-B1597)9780520926455 035 $a(Au-PeEL)EBL893088 035 $a(CaPaEBR)ebr10555075 035 $a(CaONFJC)MIL358727 035 $a(dli)HEB08182 035 $a(MiU)MIU01000000000000009852074 035 $a(EXLCZ)992670000000178635 100 $a20010503d2001 uy 0 101 0 $aeng 135 $aur|n|---||||| 181 $ctxt 182 $cc 183 $acr 200 14$aThe garden in the machine$b[electronic resource] $ea field guide to independent films about place /$fScott MacDonald 210 $aBerkeley $cUniversity of California Press$d2001 215 $a1 online resource (505 p.) 300 $aDescription based upon print version of record. 311 $a0-520-22738-7 311 $a0-520-22737-9 320 $aIncludes bibliographical references (p. 387-446) and index. 327 $tFrontmatter --$tContents --$tList of Illustrations --$tIntroduction --$t1. The Garden in the Machine --$t2. Voyages of Life --$t3. Avant-Gardens --$t4. Re-envisioning the American West --$t5. From the Sublime to the Vernacular --$t6. The City as Motion Picture --$t7. The Country in the City --$t8. Rural (and Urban) Hours --$t9. Expulsion from the Garden --$t10. Satan's National Park --$t11. Benedictions/New Frontiers --$tAppendix. Distribution Sources for Films and Videos --$tNotes --$tIndex 330 $aThe Garden in the Machine explores the evocations of place, and particularly American place, that have become so central to the representational and narrative strategies of alternative and mainstream film and video. Scott MacDonald contextualizes his discussion with a wide-ranging and deeply informed analysis of the depiction of place in nineteenth- and twentieth-century literature, painting, and photography. Accessible and engaging, this book examines the manner in which these films represent nature and landscape in particular, and location in general. It offers us both new readings of the films under consideration and an expanded sense of modern film history. Among the many antecedents to the films and videos discussed here are Thomas Cole's landscape painting, Thoreau's Walden, Olmsted and Vaux's Central Park, and Eadweard Muybridge's panoramic photographs of San Francisco. MacDonald analyzes the work of many accomplished avant-garde filmmakers: Kenneth Anger, Bruce Baillie, James Benning, Stan Brakhage, Nathaniel Dorsky, Hollis Frampton, Ernie Gehr, Larry Gottheim, Robert Huot, Peter Hutton, Marjorie Keller, Rose Lowder, Marie Menken, J.J. Murphy, Andrew Noren, Pat O'Neill, Leighton Pierce, Carolee Schneemann, and Chick Strand. He also examines a variety of recent commercial feature films, as well as independent experiments in documentary and such contributions to independent video history as George Kuchar's Weather Diaries and Ellen Spiro's Roam Sweet Home. MacDonald reveals the spiritual underpinnings of these works and shows how issues of race, ethnicity, gender, and class are conveyed as filmmakers attempt to discover forms of Edenic serenity within the Machine of modern society. Both personal and scholarly, The Garden in the Machine will be an invaluable resource for those interested in investigating and experiencing a broader spectrum of cinema in their teaching, in their research, and in their lives. 606 $aExperimental films$xHistory and criticism 606 $aMotion pictures$xSetting and scenery 610 $a1900s. 610 $a19th century. 610 $a20th century. 610 $aacademic. 610 $aamerican history. 610 $aavant garde film. 610 $abruce baillie. 610 $acarolee schneemann. 610 $acentral park. 610 $aeasy to understand. 610 $aernie gehr. 610 $afilm history. 610 $afilm studies. 610 $afilmmakers. 610 $ageography. 610 $ahollis frampton. 610 $ajames benning. 610 $akenneth anger. 610 $alandscape painting. 610 $alandscape. 610 $alarry gottheim. 610 $aliterature. 610 $alocation. 610 $amainstream film. 610 $amodern film. 610 $anathaniel dorsky. 610 $anatural world. 610 $anature. 610 $apainting. 610 $apeter hutton. 610 $aphotographer. 610 $aphotography. 610 $aplace. 610 $aregional. 610 $asan francisco. 610 $ascholarly. 610 $astan brakhage. 610 $awalden. 615 0$aExperimental films$xHistory and criticism. 615 0$aMotion pictures$xSetting and scenery. 676 $a791.43/611 700 $aMacDonald$b Scott$f1942-$0835457 801 0$bMiAaPQ 801 1$bMiAaPQ 801 2$bMiAaPQ 906 $aBOOK 912 $a9910790287803321 996 $aThe garden in the machine$93688958 997 $aUNINA